The big book of flip charts : a comprehensive guide for presenters, trainers, and team facilitators

Bibliographic Details
Main Author: Lucas, Robert William (Author)
Format: Book
Language:English
Published: New York : McGrawHill 1999
Subjects:

MARC

LEADER 00000cam a2200000 7i4500
001 0000020328
005 20241105.0
008 100209s nyua eng
020 |a 9780071343114 
040 |a INS   |b eng   |e rda 
090 0 0 |a HF5718.22   |b .L83 1999 
100 1 |a Lucas, Robert William ,   |e author 
245 1 4 |a The big book of flip charts :   |b a comprehensive guide for presenters, trainers, and team facilitators   |c Robert William Lucas 
264 1 |a New York :   |b McGrawHill   |c 1999 
300 |a xxi, 258 pages :   |b illustrations ;   |c 28 cm. 
336 |a text  |2 rdacontent 
337 |a unmediated  |2 rdamedia 
338 |a volume  |2 rdacarrier 
504 |a Includes bibliographical references and index 
650 0 |a Business presentations charts, diagrams, etc. 
650 0 |a Employees   |x Training charts, diagrams, etc. 
650 0 |a teams in the workplace   |x Training charts, diagrams, etc. 
999 |a 0000021271   |b BOOK   |c Open Shelf   |e Default branch 
999 |a 0000021465   |b BOOK   |c Open Shelf   |e Default branch